000 00693nam a22002412i 4500
001 42534
003 (BD-RJUL)
005 20211209053545.0
008 160613s1977 enkab b 001 0 eng d
020 _a0434911496
035 _a(BD-RJUL) 42652
040 _aDLC
_cDLC
_dEQO
_beng
041 _aeng
082 _a330
_bLIM 1977
100 1 _aLivesey, Frank.
_9130813
245 1 2 _aA modern approach to economics /
_c[by] Frank Livesey
260 _aLondon :
_bHeinemann [for] the Institute of Marketing,
_c1977
300 _ax, 271 p. :
_bill. ;
_c23 cm.
504 _aIncludes bibliographies and index
650 0 _aEconomics
_9130814
942 _2ddc
_cBK
999 _c42534
_d42534